00680nam a2200205 a 450000100060000000300090000600800410001501500210005602000180007704000280009508200160012310000390013924501280017825000120030626000310031830000220034949000340037165000230040570000460042825475CO-ViMGA141112s2004 ck r 000 u spa d ack - 2007 - xxxx a9789583505978 aCO-ViMGAbspacCO-ViMGA04a347.05 C17c1 aCarnelutti, Francesco, 1879 - 196510aCómo se hace un proceso / cpor Francesco Carnelutti ; traducción de Santiago Sentís Melendo y Mariano Ayerra Redín a3a. ed. aBogotá : bTemis, c2012 aX, 159 p. ; 17 cm aMonografías jurídicas ; 514aProcesos (Derecho)1 aSentís Melendo, Santiago, traductor tr.